000 00638nam a22001337a 4500
040 _cRUA
082 _aAGR SAV 2011 B047 Or.1
100 _aSAVOEURN, CHENNA.
245 _aAgro-ecosystem analysis at osaray commune, tramk ork district, takeo province (ការវិភាគប្រពន្ធ័ក្សេត្របរិស្ថាននៅឃុំអូរសារាយស្រុកត្រាំកក់ខេត្តតាកែវ)
260 _aPhnom Penh
_bRUA
_c2011
300 _aix.44p.
_bill.
_c29cm.
856 _uhttps://drive.google.com/file/d/1wS2PN-eAlbVn4_p0I7dtlueAxzYG6EIo/view?usp=sharing
942 _cAGR
999 _c1454
_d1454